000 00817nam a2200205 i 4500
001 162993
003 ES-MaACL
005 20250816062551.0
008 050707s1893 xxua | |||||||| ||eng d
040 _aCAM
_bspa
_cCAM
100 1 _aRaymond, George Lansing.
_9131628
245 1 4 _aThe genesis of art-form
_b: an essay in comparative aesthetics showing the identity of the sources, methods, and effects of composition in music, poetry ... /
_cby George Lansing Raymond.
260 _aNew York ;
_aLondon :
_bG.P. Putnam's sons,
_c1893 (
_fThe Knickerbocker Press)
300 _aXXII, 311 p. :
_bil. ;
_c20 cm.
650 7 _aEstética
_2embne
_9142387
752 _aEstados Unidos -
_dNueva York
752 _aGran Bretaña -
_dLondres
852 _aES-MaACL
_jG-10635
_z-- Enc. tela
999 _c162993
_d162993